Most Keystrokes - Two Minute Sprint - Statistics

General Stats
  • This quiz has been taken 4,281 times
    4,247 since last reset
  • The average score is 260 of 480
Answer Stats
hits % Correct
1
100%
2
99%
3
99%
4
99%
5
99%
6
98%
7
98%
8
98%
9
98%
10
97%
11
97%
12
97%
13
97%
14
96%
15
96%
16
96%
17
96%
18
96%
19
95%
20
95%
25
92%
30
82%
35
79%
40
76%
45
75%
50
74%
55
73%
60
72%
65
71%
70
70%
75
70%
80
69%
85
68%
90
68%
100
67%
101
67%
102
67%
103
67%
104
67%
105
67%
106
67%
107
67%
108
67%
109
67%
110
67%
95
67%
96
67%
97
67%
98
67%
99
67%
111
66%
112
66%
113
66%
114
66%
115
66%
116
66%
117
66%
118
66%
119
66%
120
66%
121
66%
122
66%
123
66%
124
66%
125
66%
126
66%
127
66%
128
66%
129
66%
130
66%
131
66%
132
66%
133
66%
134
66%
135
66%
136
66%
137
66%
138
66%
139
66%
140
66%
141
66%
142
65%
143
65%
144
65%
145
65%
146
65%
147
65%
148
65%
149
65%
150
65%
151
65%
152
65%
153
65%
154
65%
155
65%
156
65%
157
65%
158
65%
159
65%
160
65%
165
65%
170
64%
175
64%
180
63%
185
63%
190
63%
195
63%
200
62%
205
62%
210
62%
215
62%
220
62%
225
61%
230
61%
235
61%
236
61%
237
61%
238
61%
239
61%
240
61%
241
61%
242
61%
243
61%
244
61%
245
61%
246
61%
247
61%
248
61%
249
61%
250
61%
251
61%
252
61%
253
61%
254
61%
255
61%
256
61%
257
61%
258
61%
259
61%
260
61%
261
61%
262
61%
264
61%
265
61%
266
61%
268
61%
270
61%
272
61%
263
60%
267
60%
269
60%
271
60%
273
60%
274
60%
275
60%
276
60%
277
60%
278
60%
279
60%
280
60%
281
60%
282
60%
283
60%
284
60%
285
60%
286
60%
287
60%
288
60%
289
60%
290
60%
291
60%
292
60%
293
60%
294
60%
295
60%
296
60%
297
60%
298
60%
299
60%
300
60%
305
60%
310
60%
315
59%
320
59%
325
59%
330
59%
335
59%
340
58%
345
58%
350
58%
355
58%
360
58%
365
58%
370
58%
375
57%
376
57%
377
57%
378
57%
379
57%
380
57%
381
57%
382
57%
383
57%
384
57%
385
57%
386
57%
387
57%
388
57%
389
57%
390
57%
391
57%
392
57%
393
57%
394
57%
395
57%
396
57%
397
57%
398
57%
399
57%
400
57%
401
57%
402
57%
403
57%
404
57%
405
57%
406
57%
407
57%
408
57%
409
57%
410
57%
411
57%
412
57%
413
57%
414
57%
416
57%
415
56%
417
56%
418
56%
419
56%
420
56%
421
56%
422
56%
423
56%
424
56%
425
56%
426
56%
427
56%
428
56%
429
56%
430
56%
431
56%
432
56%
433
56%
434
56%
435
56%
436
56%
437
56%
438
56%
439
56%
440
56%
445
56%
450
55%
455
55%
460
55%
465
55%
470
54%
475
54%
480
54%
485
54%
490
53%
495
53%
500
53%
505
52%
510
52%
515
52%
516
52%
517
52%
518
52%
519
52%
520
52%
521
52%
522
52%
523
52%
524
52%
525
52%
526
52%
527
52%
528
52%
529
52%
530
52%
531
52%
532
52%
533
52%
534
52%
535
52%
536
52%
537
52%
538
51%
539
51%
540
51%
541
51%
542
51%
543
51%
544
51%
545
51%
546
51%
547
51%
548
51%
549
51%
550
51%
551
51%
552
51%
553
51%
554
51%
555
51%
556
51%
557
51%
558
51%
559
51%
561
51%
562
51%
563
51%
564
51%
565
51%
567
51%
560
50%
566
50%
568
50%
569
50%
570
50%
571
50%
572
50%
573
50%
574
50%
575
50%
576
50%
577
50%
578
50%
579
50%
580
50%
585
49%
590
48%
595
48%
600
48%
605
47%
610
47%
615
47%
620
46%
625
46%
630
45%
635
45%
640
45%
645
45%
650
44%
655
44%
656
44%
657
44%
658
44%
659
44%
660
44%
661
44%
662
43%
663
43%
664
43%
665
43%
666
43%
667
43%
668
43%
669
43%
670
43%
671
43%
672
43%
673
43%
674
43%
675
42%
676
42%
677
42%
678
42%
679
42%
680
42%
681
42%
682
42%
683
42%
684
42%
685
41%
686
41%
687
41%
688
41%
689
41%
690
41%
691
41%
692
41%
693
40%
694
40%
695
40%
696
40%
697
40%
698
40%
699
40%
700
40%
701
40%
702
40%
703
39%
704
39%
705
39%
706
39%
707
39%
708
39%
709
39%
710
39%
711
39%
712
38%
713
38%
714
38%
715
38%
716
38%
717
38%
718
38%
719
38%
720
38%
725
37%
730
36%
735
35%
740
35%
745
34%
750
34%
755
33%
760
33%
765
32%
770
32%
775
32%
780
31%
785
31%
790
30%
795
30%
796
30%
797
30%
798
30%
799
30%
800
30%
801
30%
802
30%
803
30%
804
30%
805
29%
806
29%
807
29%
808
29%
809
29%
810
29%
811
29%
812
29%
813
29%
814
29%
815
29%
816
29%
817
29%
818
29%
819
29%
820
29%
821
29%
822
28%
823
28%
824
28%
825
28%
826
28%
827
28%
828
28%
829
28%
830
28%
831
28%
832
27%
833
27%
834
27%
835
27%
836
27%
837
27%
838
27%
839
27%
840
27%
No matching quizzes found
Score Distribution
Percent of People with Each Score
Percentile by Number Answered
Your Score History
You have not taken this quiz since the last reset